معجم إدارة الحسابات : (رقم التسجيلة. 21103)
[ عرض عادي ]
| 000 -الفاتح | |
|---|---|
| حقل البيانات ثابتة الطول | 00799cam a22002051a 4500 |
| 003 - محدد رقم الضبط | |
| رقم الضبط | OSt |
| 005 - وقت وتاريخ اخر تعامل مع التسجيلة | |
| رقم الضبط | 20150408114010.0 |
| 008 - عناصر البيانات ثابتة الطول - معلومات عامة | |
| حقل البيانات ثابتة الطول | 091004s2009____jo g d 000 0 ara c |
| 040 ## - مصدر الفهرسة | |
| وكالة الفهرسة الأصلية | mu |
| لغة الفهرسة | ara |
| وكالة النسخ | mb |
| 082 04 - رقم تصنيف ديوى العشرى | |
| رقم التصنيف | 657.03 |
| رقم الطبعة | 21 |
| 090 ## - رقم الضبط المحلى | |
| رقم تصنيف (OCLC) (R) ;رقم تصنيف, CALL (RLIN) (NR) | 657.03 |
| كتر محلي OCLC رقم كتاب / رقم طلب غير مقسم,رقم RLIN( غير مكرر) | ش ف م |
| 100 1# - المدخل الرئيسى - إسم شخصى | |
| الإسم الشخصى | شكري، فهمي محمود |
| 9 (RLIN) | 10016 |
| 245 10 - بيان العنوان | |
| العنوان | معجم إدارة الحسابات : |
| بقية العنوان | أول معجم شامل بكل المصطلحات المحاسبة المتداولة في العالم وتعريفاتها / |
| بيان المسئوليه,etc | تأليف فهمي محمود شكري. |
| 250 ## - بيان الطبعة | |
| بيان الطبعة | ط. 1. |
| 260 ## - PUBLICATION, DISTRIBUTION, ETC. (IMPRINT) | |
| مكان الناشر او الموزع | عمان، الأردن : |
| اسم الناشر او الموزع | دار أسامة، |
| تاريخ النشر أو التوزيع | 2009 |
| 300 ## - الوصف المادى | |
| التعداد | 314 ص. ؛ |
| أبعاد الوعاء | 24 سم. |
| 650 #7 - المدخل الاضافى بالموضوع-مصطلح موضوعى | |
| مصطلح موضوعي أو اسم جغرافي كعنصر مدخل | المحاسبة |
| التقسيم الفرعي الشكلي | معاجم |
| مصدر الرأس أو المصطلح | aucsh |
| 9 (RLIN) | 10017 |
| 650 #7 - المدخل الاضافى بالموضوع-مصطلح موضوعى | |
| مصطلح موضوعي أو اسم جغرافي كعنصر مدخل | المحاسبة |
| التقسيم الفرعي الشكلي | مصطلحات |
| مصدر الرأس أو المصطلح | aucsh |
| 9 (RLIN) | 10018 |
| 942 ## - عناصر المدخل الإضافي( كوها) | |
| مصدر التصنيف او مخطط الترفيف | Dewey Decimal Classification |
| Koha [default] item type | كتاب |
| حالة الفقد | نموذج السعر الفعال | حالة تلف | ليس للاعارة | رقم الطلب | تاريخ الاكتساب | الموقع الحالي | الباركود | الفرع الرئيسي | Date last seen | نوع المادة فى نظام كوها | مصدر التصنيف او خطة الترفيف | Total Checkouts |
|---|---|---|---|---|---|---|---|---|---|---|---|---|
| 2013-03-10 | 657.03 ش ف م | 2012-04-03 | مكتبة مجمع الطالبات بالمجمعة (EMF) | 00070893 | مكتبة مجمع الطالبات بالمجمعة (EMF) | 2013-03-10 | كتاب | Dewey Decimal Classification | ||||
| 2013-03-10 | 657.03 ش ف م | 2012-04-03 | مكتبة مجمع الطالبات بالمجمعة (EMF) | 00070894 | مكتبة مجمع الطالبات بالمجمعة (EMF) | 2013-03-10 | كتاب | Dewey Decimal Classification |
